Chick TV: antiheroines and time unbound /

"Drawing on the potential of both temporality and antiheroinism to invoke feminist resistance, this research suggests a correlation between televisual temporality and antiheroinism in early 2000s US television drama series, examines that correlation, and explores the feminist politics of these...

Full description

Bibliographic Details
Main Author: Levy, Yael (College teacher) (Author)
Format: Book
Language:English
Published: Syracuse, New York : Syracuse University Press, 2022.
Edition:First edition.
Series:Television and popular culture.
Subjects:

MARC

Tag First Indicator Second Indicator Subfields
LEADER 00000cam a2200000 i 4500
001 in00004561908
003 OCoLC
005 20220218150628.2
008 210709t20222022nyu b 001 0 eng
010 |a  2021025484 
024 8 |a 40030979089 
040 |a DLC  |b eng  |e rda  |c DLC  |d OCLCO  |d YDX  |d BDX  |d OCLCF  |d UKMGB  |d YDX 
019 |a 1251882147 
020 |a 9780815637387  |q hardcover 
020 |a 0815637381  |q hardcover 
020 |a 9780815637240  |q paperback 
020 |a 0815637241  |q paperback 
020 |z 9780815655251  |q electronic book 
035 |a (OCoLC)1251873166  |z (OCoLC)1251882147 
042 |a pcc 
043 |a n-us--- 
050 0 0 |a PN1992.8.S4  |b L489 2022 
082 0 0 |a 791.450973  |2 23 
100 1 |a Levy, Yael  |c (College teacher),  |e author. 
245 1 0 |a Chick TV:  |b antiheroines and time unbound /  |c Yael Levy. 
246 3 0 |a Chick television 
250 |a First edition. 
264 1 |a Syracuse, New York :  |b Syracuse University Press,  |c 2022. 
264 4 |c Â©2022 
300 |a vii, 179 pages ;  |c 24 cm. 
336 |a text  |b txt  |2 rdacontent 
337 |a unmediated  |b n  |2 rdamedia 
338 |a volume  |b nc  |2 rdacarrier 
490 1 |a Television and popular culture 
504 |a Includes bibliographical references and index. 
505 0 |a Introduction: the complexities of Chick TV -- Resistance -- Deviation -- Serialization -- Rewriting -- Conclusion: reclaiming "chick" for TV -- Appendix: antiheroines positioned along the continua. 
520 |a "Drawing on the potential of both temporality and antiheroinism to invoke feminist resistance, this research suggests a correlation between televisual temporality and antiheroinism in early 2000s US television drama series, examines that correlation, and explores the feminist politics of these two narrative apparatuses"--  |c Provided by publisher. 
650 0 |a Television series  |z United States  |x History and criticism. 
650 0 |a Antiheroes on television. 
650 0 |a Space and time on television. 
650 0 |a Television and politics  |z United States. 
650 0 |a Feminism. 
650 7 |a Antiheroes on television.  |2 fast  |0 (OCoLC)fst01892733 
650 7 |a Feminism.  |2 fast  |0 (OCoLC)fst00922671 
650 7 |a Space and time on television.  |2 fast  |0 (OCoLC)fst01744198 
650 7 |a Television and politics.  |2 fast  |0 (OCoLC)fst01146689 
650 7 |a Television series.  |2 fast  |0 (OCoLC)fst01720041 
651 7 |a United States.  |2 fast  |0 (OCoLC)fst01204155 
655 7 |a Criticism, interpretation, etc.  |2 fast  |0 (OCoLC)fst01411635 
776 0 8 |i Online version:  |a Levy, Yael.  |t Chick T  |b First edition.  |d Syracuse : Syracuse University Press, 2021  |z 9780815655251  |w (DLC) 2021025485 
830 0 |a Television and popular culture. 
945 |b 247195 
947 |a A14851678137 
980 |b print  |c 40030979089  |f NONFIC/B  |g 565714  |k USD  |m 48.60  |q 1  |s AcqMono Conventional  |t Approval plan  |u Vendor order reference number  |v ZYBP  |y Print approval  |z Physical resource 
999 f f |i 6a66a5fb-c93c-4783-95ec-e2aa5c4b4022  |s b8d00978-3590-49f1-b7a4-f40821908b73  |t 0 
952 f f |p normal  |a Texas A&M University  |b College Station  |c Sterling C. Evans Library  |s Evans stk  |d Evans: Library Stacks  |t 0  |e PN1992.8.S4 L489 2022  |h Library of Congress classification  |i unmediated -- volume  |m A14851678137